Normal view MARC view
  • Gosling, James, Arnold, Ken, Holmes, David

Entry Personal Name

Number of records used in: 1

001 - CONTROL NUMBER

  • control field: 63225

003 - CONTROL NUMBER IDENTIFIER

  • control field: NUST

005 - DATE AND TIME OF LATEST TRANSACTION

  • control field: 20210628203101.0

008 - FIXED-LENGTH DATA ELEMENTS

  • fixed length control field: 210628|| aca||aabn | a|a d

040 ## - CATALOGING SOURCE

  • Original cataloging agency: NUST
  • Transcribing agency: NUST

100 ## - HEADING--PERSONAL NAME

  • Personal name: Gosling, James, Arnold, Ken, Holmes, David

670 ## - SOURCE DATA FOUND

  • Source citation: Work cat.: (NUST): Gosling, James, Arnold, Ken, Holmes, David, The java programming language, 2000
© 2023 Central Library, National University of Sciences and Technology. All Rights Reserved.